|
|
|
|
| LEADER |
00000nam0a2200000 4500 |
| 001 |
297424 |
| 005 |
20231102001015.0 |
| 035 |
|
|
|a (RuTPU)RU\TPU\book\322557
|
| 090 |
|
|
|a 297424
|
| 100 |
|
|
|a 20150608d1984 km y0rusy50 ca
|
| 101 |
0 |
|
|a rus
|
| 102 |
|
|
|a UA
|
| 105 |
|
|
|a a z 001zy
|
| 200 |
1 |
|
|a Флюидный режим гидротермального минералообразования Центрального Донбасса
|f И. Н. Зинчук, В. А. Калюжный, А. С. Щирица
|g Академия наук Украинской ССР (АН УССР), Институт геологии и геохимии горючих ископаемых
|
| 210 |
|
|
|a Киев
|c Наукова думка
|d 1984
|
| 215 |
|
|
|a 104 с.
|c ил.
|
| 320 |
|
|
|a Библиогр.: с. 96-101
|
| 606 |
1 |
|
|a Рудообразование гидротермальное
|2 stltpush
|3 (RuTPU)RU\TPU\subj\26047
|9 50062
|
| 610 |
1 |
|
|a флюидный режим
|
| 610 |
1 |
|
|a минералообразование
|
| 610 |
1 |
|
|a Донбасс
|
| 610 |
1 |
|
|a изотопные данные
|
| 610 |
1 |
|
|a генезис
|
| 610 |
1 |
|
|a включения
|
| 610 |
1 |
|
|a состав
|
| 675 |
|
|
|a 553.2.065
|v 4
|
| 700 |
|
1 |
|a Зинчук
|b И. Н.
|g Игорь Николаевич
|
| 701 |
|
1 |
|a Калюжный
|b В. А.
|g Владимир Антонович
|
| 701 |
|
1 |
|a Щирица
|b А. С.
|g Алексей Степанович
|
| 712 |
0 |
2 |
|a Академия наук Украинской ССР (АН УССР)
|b Институт геологии и геохимии горючих ископаемых
|2 stltpush
|3 (RuTPU)RU\TPU\col\11474
|
| 801 |
|
1 |
|a RU
|b 63413507
|c 20150608
|
| 801 |
|
2 |
|a RU
|b 63413507
|c 20181030
|g RCR
|
| 942 |
|
|
|c BK
|